All Cathay Pacific Destinations - Statistics

General Stats
  • This quiz has been taken 167 times
    40 since last reset
  • The average score is 69 of 82
Answer Stats
Country City / Airport % Correct
Australia Melbourne
100%
Australia Perth
100%
China Beijing
97%
Hub Hong Kong
97%
Australia Sydney
97%
Canada Toronto
97%
Canada Vancouver
97%
Australia Brisbane
94%
Malaysia Kuala Lumpur
94%
United Kingdom Manchester
94%
India Mumbai
94%
Japan Osaka
94%
Italy Rome
94%
Japan Tokyo Haneda
94%
Japan Tokyo Narita
94%
Netherlands Amsterdam
91%
New Zealand Auckland
91%
Thailand Bangkok
91%
Belgium Brussels
91%
India Delhi
91%
Bangladesh Dhaka
91%
United Arab Emirates Dubai
91%
United States Los Angeles
91%
Philippines Manila
91%
Germany Munich
91%
Saudi Arabia Riyadh
91%
United States San Francisco
91%
China Shanghai Hongqiao
91%
Singapore Singapore
91%
Taiwan Taipei
91%
Israel Tel Aviv
91%
Australia Adelaide
88%
Spain Barcelona
88%
China Chongqing
88%
New Zealand Christchurch
88%
Germany Frankfurt
88%
China Guangzhou
88%
South Africa Johannesburg
88%
Nepal Kathmandu
88%
United Kingdom London
88%
Spain Madrid
88%
United States New York
88%
France Paris
88%
South Korea Seoul
88%
China Chengdu
84%
United States Chicago
84%
Vietnam Hanoi
84%
Vietnam Ho Chi Minh City
84%
Indonesia Jakarta
84%
Italy Milan
84%
Japan Sapporo
84%
Switzerland Zurich
84%
Australia Cairns
81%
Philippines Cebu
81%
Sri Lanka Colombo
81%
Indonesia Denpasar
81%
Japan Fukuoka
81%
Taiwan Kaohsiung
81%
United States Seattle
81%
India Bengaluru
78%
United States Boston
78%
Japan Nagoya
78%
Cambodia Phnom Penh
78%
China Xi'an
78%
United States Dallas
75%
Thailand Phuket
75%
India Chennai
72%
India Hyderabad
72%
China Fuzhou
69%
China Haikou
69%
China Nanjing
69%
Indonesia Surabaya
69%
China Xiamen
69%
Malaysia Penang
66%
China Wuhan
66%
China Hangzhou
63%
China Ningbo
63%
China Qingdao
63%
China Shanghai Pudong
63%
China Urumqi
63%
China Zhengzhou
63%
China Wenzhou
56%
No matching quizzes found
Score Distribution
Percent of People with Each Score
Percentile by Number Answered
Your Score History
You have not taken this quiz since the last reset